Potęgi liczby "2" - Statystyki

Ogólne statystyki
  • Ten quiz został rozwiązany 246 razy
  • Średni wynik to 17 z 21
Statystyki odpowiedzi
2 do potęgi: Wynik % Poprawnych
1 2
100%
0 1
99%
2 4
99%
4 16
96%
3 8
95%
5 32
91%
6 64
91%
7 128
89%
8 256
87%
10 1 024
86%
11 2 048
84%
9 512
84%
12 4 096
80%
13 8 192
77%
14 16 384
72%
15 32 768
67%
16 65 536
58%
17 131 072
54%
18 262144
54%
19 524 288
51%
20 1 048 576
49%
Nie znaleziono quizów pasujących do podanych kryteriów
Rozkład punktacji
Procent ludzi z każdym wynikiem
Percentyl według liczby udzielonych odpowiedzi
Twoja historia wyników
Nie rozwiązałeś tego quizu